00615cam a2200205Mi 4500020001800000020001500018040000800033082002600041100002500067245002800092250002600120260004700146300002300193490002800216500007900244650002300323650002200346650002200368700001900390 a9780804815796 a0804815798 cZ5U a495 TUT 1988 C155 Or.1 aKindaichi, Haruhiko,14aThe Japanese language / a1st Tut book edition. aRutland, Vt. :bTuttle,c1988, ℗♭1978. a295 pages ;c19 cm1 aTuttle language library aOriginally published in Japan as Nippongo by Iwanami Shoten, Tokyo (1957). 0aJapanese language. 0aJapanese language 0aJapanese language1 aHirano, Umeyo,